000
002810000a22000970004500
100
1
_a
Morla Asensio, Víctor (1943
245
1
0
_a
Las tradiciones del Líbano en el Antiguo Testamento
300
_a
vol. 57, núm 1 (1999), Páginas 411-440
773
0
_t
Estudios Bíblicos
942
_c
ANA
999
_c
50296
_d
50296